Mezzaterra : (Record no. 11607)
[ view plain ]
| 000 -LEADER | |
|---|---|
| fixed length control field | 01308cam a2200349 i 4500 |
| 001 - CONTROL NUMBER | |
| control field | 14289901 |
| 003 - CONTROL NUMBER IDENTIFIER | |
| control field | EG-ScBUE |
| 005 - DATE AND TIME OF LATEST TRANSACTION | |
| control field | 20240421105632.0 |
| 008 - FIXED-LENGTH DATA ELEMENTS--GENERAL INFORMATION | |
| fixed length control field | 060307s2004 enk f 000 0 eng d |
| 020 ## - INTERNATIONAL STANDARD BOOK NUMBER | |
| International Standard Book Number | 0747577250 |
| 020 ## - INTERNATIONAL STANDARD BOOK NUMBER | |
| International Standard Book Number | 9780747577256 |
| 035 ## - SYSTEM CONTROL NUMBER | |
| System control number | (OCoLC)ocm61888019 |
| 040 ## - CATALOGING SOURCE | |
| Original cataloging agency | UUC |
| Language of cataloging | eng |
| Description conventions | rda |
| Transcribing agency | UUC |
| Modifying agency | BAKER |
| -- | SPP |
| -- | RCS |
| -- | DLC |
| -- | EG-ScBUE |
| 043 ## - GEOGRAPHIC AREA CODE | |
| Geographic area code | aw----- |
| 082 04 - DEWEY DECIMAL CLASSIFICATION NUMBER | |
| Classification number | 956.05 |
| Edition number | 22 |
| Item number | SOU |
| 100 1# - MAIN ENTRY--PERSONAL NAME | |
| Personal name | Soueif, Ahdaf, |
| Relator term | author. |
| 9 (RLIN) | 5087 |
| 245 10 - TITLE STATEMENT | |
| Title | Mezzaterra : |
| Remainder of title | fragments from the common ground / |
| Statement of responsibility, etc | Ahdaf Soueif. |
| 264 #1 - PUBLICATION, DISTRIBUTION, ETC. (IMPRINT) | |
| Place of publication, distribution, etc | London : |
| Name of publisher, distributor, etc | Bloomsbury, |
| Date of publication, distribution, etc | 2004. |
| 300 ## - PHYSICAL DESCRIPTION | |
| Extent | xi, 338 pages ; |
| Dimensions | 21 cm |
| 336 ## - CONTENT TYPE | |
| Source | rdacontent |
| Content type term | text |
| Content type code | txt |
| 337 ## - MEDIA TYPE | |
| Media type term | unmediated |
| Source | rdamedia |
| Media type code | n |
| 338 ## - CARRIER TYPE | |
| Carrier type term | volume |
| Carrier type code | nc |
| Source | rdacarrier |
| 651 #7 - SUBJECT ADDED ENTRY--GEOGRAPHIC NAME | |
| Geographic name | Middle East |
| General subdivision | Social conditions. |
| Source of heading or term | BUEsh |
| 9 (RLIN) | 5088 |
| 651 #7 - SUBJECT ADDED ENTRY--GEOGRAPHIC NAME | |
| Geographic name | Middle East |
| General subdivision | Politics and government |
| Chronological subdivision | 1979- |
| Source of heading or term | BUEsh |
| 9 (RLIN) | 5089 |
| 653 ## - INDEX TERM--UNCONTROLLED | |
| Arrived date list | May2011 |
| 655 ## - INDEX TERM--GENRE/FORM | |
| Form subdivision | Reading book |
| 856 41 - ELECTRONIC LOCATION AND ACCESS | |
| Materials specified | Table of contents only |
| Uniform Resource Identifier | <a href="http://www.loc.gov/catdir/toc/fy0606/2006295380.html">http://www.loc.gov/catdir/toc/fy0606/2006295380.html</a> |
| 856 42 - ELECTRONIC LOCATION AND ACCESS | |
| Materials specified | Contributor biographical information |
| Uniform Resource Identifier | <a href="http://www.loc.gov/catdir/enhancements/fy0643/2006295380-b.html">http://www.loc.gov/catdir/enhancements/fy0643/2006295380-b.html</a> |
| 856 42 - ELECTRONIC LOCATION AND ACCESS | |
| Materials specified | Publisher description |
| Uniform Resource Identifier | <a href="http://www.loc.gov/catdir/enhancements/fy0643/2006295380-d.html">http://www.loc.gov/catdir/enhancements/fy0643/2006295380-d.html</a> |
| 942 ## - ADDED ENTRY ELEMENTS (KOHA) | |
| Source of classification or shelving scheme | Dewey Decimal Classification |
| Koha item type | Book - Borrowing |
| Withdrawn status | Lost status | Source of classification or shelving scheme | Damaged status | Not for loan | Collection code | Home library | Current library | Shelving location | Date acquired | Source of acquisition | Cost, normal purchase price | Serial Enumeration / chronology | Total Checkouts | Total Renewals | Full call number | Barcode | Date last seen | Date checked out | Price effective from | Koha item type |
|---|---|---|---|---|---|---|---|---|---|---|---|---|---|---|---|---|---|---|---|---|
| Dewey Decimal Classification | Diwan | Central Library | Central Library | Second Floor | 25/05/2009 | Purchase | 74.50 | 4416 | 10 | 5 | 956.05 SOU | 000016138 | 15/07/2025 | 11/07/2019 | 25/05/2009 | Book - Borrowing | ||||
| Dewey Decimal Classification | Baccah | Central Library | Central Library | Second Floor | 01/06/2011 | Purchase | 956.05 SOU | 000023941 | 15/07/2025 | 01/06/2011 | Book - Borrowing |